000 00259nam a22001217a 4500
008 190129b xxu||||| |||| 00| 0 eng d
041 _aeng
080 _a540
100 _a12
101 _aKIM
245 _aVitalized Chemistry
_cJardins,D
942 _2udc
_cBK
999 _c53833
_d53833